|
|
|
|
| LEADER |
00000cam a2200000 7i4500 |
| 001 |
0000051773 |
| 005 |
20150908.0 |
| 008 |
150908 |
| 020 |
|
|
|a 9832852811(set)
|
| 020 |
|
|
|a 9832852897
|
| 090 |
0 |
0 |
|a MOR
|b MAL
|
| 100 |
0 |
|
|a Syed Mahadzir
|
| 245 |
1 |
0 |
|a Pembuli Dan Virus Internet
|c Syed Mahadzir
|
| 260 |
|
|
|a Selangor :
|b Cooray's House Of Publication Sdn Bhd ,
|c (s.n)
|
| 490 |
0 |
|
|a Siri Hentikan Buli
|
| 999 |
|
|
|a 0001042853
|b Book
|c Children Collection
|e Cawangan Tmn. Ungku Tun Aminah
|
| 999 |
|
|
|a 0001042854
|b Book
|c Children Collection
|e Cawangan Taman Sri Lambak
|
| 999 |
|
|
|a 0001052040
|b Book
|c Children Collection
|e Cawangan Taman Universiti
|
| 999 |
|
|
|a 0001052041
|b Book
|c Children Collection
|e Cawangan Taman Universiti
|
| 999 |
|
|
|a 0001052045
|b Book
|c Children Collection
|e Cawangan Pontian
|
| 999 |
|
|
|a 0001070717
|b Book
|c Children Collection
|e Cawangan Segamat
|
| 999 |
|
|
|a 0001071052
|b Book
|c Children Collection
|e Cawangan Pontian
|
| 999 |
|
|
|a 0001071125
|b Book
|c Children Collection
|e Cawangan Taman Universiti
|
| 999 |
|
|
|a 0001075512
|b Book
|c Children Collection
|e Cawangan Mersing
|
| 999 |
|
|
|a 0001130605
|b Book
|c Children Collection
|e Cawangan Tmn. Ungku Tun Aminah
|
| 999 |
|
|
|a 0001130688
|b Book
|c Children Collection
|e Cawangan Tmn. Ungku Tun Aminah
|
| 999 |
|
|
|a 0001130705
|b Book
|c Children Collection
|e Cawangan Bukit Gambir
|
| 999 |
|
|
|a 0001133967
|b Book
|c Children Collection
|e Cawangan Taman Universiti
|